Biggest Football (Soccer) Stadiums in Europe - Statistics

General Stats
  • This quiz has been taken 425 times
    383 since last reset
  • The average score is 9 of 20
Answer Stats
Hint Capacity Answer % Correct
Spain 99784 Camp Nou
98%
UK 90000 Wembley
90%
UK 76212 Old Trafford
79%
Italy 80074 Giuseppe Meazza
71%
Germany 70000 Allianz Arena
68%
Spain 86000 Santiago Bernabeu
63%
UK 60361 Emirates
56%
Germany 80552 Signal Iduna Park
47%
France 81338 Stade de France
46%
Germany 74228 Berlin Olympic
45%
Italy 73261 Rome Olympic
44%
Ukraine 70050 Kiev Olympic
38%
Grece 71030 Athens Olympic
37%
Portugal 65647 Luz
32%
Russia 78360 Luzhniki
21%
Turkey 75480 Ataturk
17%
UK 60355 Celtic Park
15%
Germany 61482 Veltins Arena
12%
UK 74500 Millenium
10%
Italy 60240 San Paolo
9%
No matching quizzes found
Score Distribution
Percent of People with Each Score
Percentile by Number Answered
Your Score History
You have not taken this quiz since the last reset